| 000 | 03664cam a22006014i 4500 | ||
|---|---|---|---|
| 003 | PE-LiUPU | ||
| 005 | 20250731184558.0 | ||
| 008 | 150706s2012 pe a r 000 0 d | ||
| 020 | _a9786124011375 | ||
| 035 | _a(Sirsi) i9786124011375 | ||
| 040 |
_aPE-LiUPU _bspa _cPE-LiUPU _erda |
||
| 049 | _aPRUA | ||
| 082 | 0 | 4 |
_a985.312 _bA65 _221 |
| 082 | 0 | 4 |
_a985.033 _bA66 2012 |
| 100 | 1 |
_aArana Bustamante, Luis, _eautor. |
|
| 245 | 1 | 0 |
_aSin malicia ninguna. : _btransformación indígena colonial y estrategias sociales y culturales en un kuraka ilegítimo (Huaylas, 1647-48) / _cLuis Arana Bustamante. |
| 264 | 1 |
_aLima : _bAsamblea Nacional de Rectores, _c2010. |
|
| 300 |
_a206 páginas : _bilustraciones ; _c24 cm |
||
| 336 |
_atext _2rdacontent |
||
| 337 |
_aunmediated _2rdamedia |
||
| 338 |
_avolume _2rdacarrier |
||
| 505 | 0 | _aAlgunas consideraciones teóricas y de método -- "Han aprovechado en sabernos entender": 'ladinos', Kurakas y kurakas ilegítimos coloniales tempranos -- "Se llama apo, ciendo tributario.": los kurakas ilegítimos coloniales desde Toledo hasta principios del siglo XVII -- "En el pueblo de San Gerónimo de Pampas": pueblos de indios y visitas de la idolatría a mediados del siglo XVII -- "Llegando cansado de la fuerça que hizo": autoacusación de Auquinivin y primera visita en Pampas -- "Y la prisión es calurosa ."Auquinivin, preso en Lima -- "De ningún racional se puede entender cosa semejante": Noboa interroga otra vez a los testigos -- Auquinivin bajo la lupa: ¡sincrético, aculturado, resiliente, híbrido? -- Discusión final. | |
| 526 | _aP136 | ||
| 526 | _aP135 | ||
| 526 | _aP134 | ||
| 526 | _aP133 | ||
| 526 | _aP144 | ||
| 526 | _aP143 | ||
| 526 | _aP87 | ||
| 526 | _aP35 | ||
| 526 | _aP20 | ||
| 526 | _aP14 | ||
| 526 | _aP10 | ||
| 526 | _aP06 | ||
| 650 | 0 | 4 |
_aCacicazgos _zPerú _vBibliografía. |
| 650 | 0 | 4 |
_aHuaylas, Anc. (Perú : Provincia) _xHistoria _yEpoca Colonial, 1647-1648. |
| 910 |
_bjv _clch _d20110523 |
||
| 910 |
_tqv _d20171019 |
||
| 942 |
_2ddc _cBOOK |
||
| 949 |
_a985.312 A65 _wDEWEY _c1 _i62868 _lCCODEBUL1 _mBUL _p23.00 _r0 _sY _tBOOK _u2015-7-6 _xEDUCACION _zUNKNOWN _0COMPRA _o.STAFF. Colección General |
||
| 949 |
_a985.312 A65 _wDEWEY _c2 _i62867 _lCCODEBUL1 _mBUL _p23.00 _r0 _sY _tBOOK _u2015-7-6 _xEDUCACION _zUNKNOWN _0COMPRA _o.STAFF. Colección General |
||
| 949 |
_a985.033 A66 2012 _wDEWEY _c1 _iFJ09037 _lCCODEBUJ1 _mBUJ _p23.00 _r0 _sY _tBOOK _u2017-10-19 _xEDUCACIÓN _PP14 _0COMPRA _o.STAFF. Colección General Juliaca |
||
| 949 |
_a985.033 A66 2012 _wDEWEY _c2 _iFJ09038 _lCCODEBUJ1 _mBUJ _p23.00 _r0 _sY _tBOOK _u2017-10-19 _xEDUCACIÓN _PP14 _0COMPRA _o.STAFF. Colección General Juliaca |
||
| 994 |
_aC0 _bPEPRU |
||
| 596 | _a1 3 | ||
| 999 |
_a985.312 A65 _wDEWEY _c51901 _i62868 _f2021-11-8 _g4 _lCCODEBUL1 _mBUL _p23.00 _r0 _sY _tBOOK _u2015-7-6 _xBIBLIOTECA _zUNKNOWN _0COMPRA _o.STAFF. Colección General _d51901 |
||
| 999 |
_a985.312 A65 _wDEWEY _c2 _i62867 _f2021-11-8 _g4 _lCCODEBUL1 _mBUL _p23.00 _r0 _sY _tBOOK _u2015-7-6 _xBIBLIOTECA _zUNKNOWN _0COMPRA _o.STAFF. Colección General |
||
| 999 |
_a985.033 A66 2010 _wDEWEY _c1 _iFJ09037 _f2022-2-2 _g4 _lCCODEBUJ1 _mBUJ _p23.00 _r0 _sY _tBOOK _u2017-10-19 _0COMPRA _o.STAFF. Colección General Juliaca |
||
| 999 |
_a985.033 A66 2010 _wDEWEY _c2 _iFJ09038 _f2022-2-2 _g4 _lCCODEBUJ1 _mBUJ _p23.00 _r0 _sY _tBOOK _u2017-10-19 _xEDUCACION _PP14 _0COMPRA _o.STAFF. Colección General Juliaca |
||
| 980 |
_81 _gALBERTO SANCHEZ Responsable de Automatización |
||